| 000 | 00389nam a22001697a 4500 | ||
|---|---|---|---|
| 003 | OSt | ||
| 005 | 20250228100828.0 | ||
| 007 | 890 pages | ||
| 008 | 250228b |||||||| |||| 00| 0 eng d | ||
| 020 | _a9789354492259 | ||
| 040 | _c | ||
| 082 |
_210 _a620.112 _bHIB |
||
| 245 |
_aMechanics of Materials _cHibbeler,R.C |
||
| 250 | _a10 | ||
| 260 |
_bPearson _c2023 |
||
| 942 |
_2ddc _cBK _e10 _n0 |
||
| 999 |
_c36158 _d36158 |
||